00462nam a2200145Ia 4500008004100000020001800041082001200059100002800071245002900099260002900128500001100157942000700168952012600175999001500301260604s9999 xx 000 0 und d a9781444950380 a813 COW aCowell, Cressida935368 0aHow to Train Your Dragon bHachette Childrens Group aDragon cBK 00104070aIIMVbIIMVcGENERALd2026-06-04g399.00l0o813 COWp003779r2026-06-04 10:19:11v399.00w2026-06-04yBKBCOW c8161d8161